<?xml version="1.0" encoding="UTF-8"?>
<record
    xmlns:xsi="http://www.w3.org/2001/XMLSchema-instance"
    xsi:schemaLocation="http://www.loc.gov/MARC21/slim http://www.loc.gov/standards/marcxml/schema/MARC21slim.xsd"
    xmlns="http://www.loc.gov/MARC21/slim">

  <leader>01154nam a22002897a 4500</leader>
  <controlfield tag="003">DO-SdBNP</controlfield>
  <controlfield tag="005">20171110100433.0</controlfield>
  <controlfield tag="008">160921b 2012       sp||||| |||| 00| 0 spa d</controlfield>
  <datafield tag="020" ind1=" " ind2=" ">
    <subfield code="a">9788495818850</subfield>
  </datafield>
  <datafield tag="040" ind1=" " ind2=" ">
    <subfield code="a">BMPSU</subfield>
    <subfield code="b">spa</subfield>
    <subfield code="c">BPMSU</subfield>
  </datafield>
  <datafield tag="082" ind1=" " ind2="4">
    <subfield code="a">616</subfield>
    <subfield code="b">C574f</subfield>
  </datafield>
  <datafield tag="245" ind1="0" ind2="0">
    <subfield code="a">Cinco formas de curar enfermedades y malestares cotidiano / </subfield>
    <subfield code="c">Textos de V&#xED;ctor Sierpina  ... [et. al.] </subfield>
  </datafield>
  <datafield tag="246" ind1="0" ind2="4">
    <subfield code="a">Tratamientos f&#xE1;ciles y efectivos para los problemas de salud m&#xE1;s comunes</subfield>
  </datafield>
  <datafield tag="260" ind1=" " ind2=" ">
    <subfield code="a">Madrid : </subfield>
    <subfield code="b">Ediciones Daly , </subfield>
    <subfield code="c">2012</subfield>
  </datafield>
  <datafield tag="300" ind1=" " ind2=" ">
    <subfield code="a">3 v. : </subfield>
    <subfield code="b">il. </subfield>
  </datafield>
  <datafield tag="505" ind1="0" ind2=" ">
    <subfield code="t"> Introducci&#xF3;n--</subfield>
    <subfield code="t">Glosario y puntos de energ&#xED;a --</subfield>
    <subfield code="t">Piel, cabello y u&#xF1;as --</subfield>
    <subfield code="t">Ojos, o&#xED;dos, nariz, boca y garganta  --</subfield>
    <subfield code="t">Sistema digestivo y excretor --</subfield>
    <subfield code="t">Sistema respiratorio y circulatorio --</subfield>
    <subfield code="t">Dolores y molestias --</subfield>
    <subfield code="t">Mente y esp&#xED;ritu --</subfield>
    <subfield code="t">Primeros auxilios --</subfield>
  </datafield>
  <datafield tag="650" ind1=" " ind2="4">
    <subfield code="a">MEDICINA</subfield>
  </datafield>
  <datafield tag="650" ind1=" " ind2="4">
    <subfield code="a">MEDICINA ALTERNATIVA</subfield>
  </datafield>
  <datafield tag="650" ind1=" " ind2="4">
    <subfield code="a">HOMEOPAT&#xCD;A</subfield>
  </datafield>
  <datafield tag="650" ind1=" " ind2="4">
    <subfield code="a">PLANTAS AROM&#xC1;TICAS</subfield>
  </datafield>
  <datafield tag="650" ind1=" " ind2="4">
    <subfield code="a">PLANTAS MEDICINALES</subfield>
  </datafield>
  <datafield tag="700" ind1="1" ind2="2">
    <subfield code="a">Sierpina, V&#xED;ctor </subfield>
  </datafield>
  <datafield tag="910" ind1=" " ind2=" ">
    <subfield code="a">Validado. Control de calidad MFF</subfield>
  </datafield>
  <datafield tag="942" ind1=" " ind2=" ">
    <subfield code="2">ddc</subfield>
    <subfield code="c">BK</subfield>
  </datafield>
  <datafield tag="945" ind1=" " ind2=" ">
    <subfield code="a">Inventariado, 2017/MFF</subfield>
  </datafield>
  <datafield tag="952" ind1=" " ind2=" ">
    <subfield code="0">0</subfield>
    <subfield code="1">0</subfield>
    <subfield code="2">ddc</subfield>
    <subfield code="4">0</subfield>
    <subfield code="7">0</subfield>
    <subfield code="8">CG</subfield>
    <subfield code="a">BPMET</subfield>
    <subfield code="b">BPMET</subfield>
    <subfield code="d">2016-09-21</subfield>
    <subfield code="e">Donacion</subfield>
    <subfield code="l">0</subfield>
    <subfield code="o">616 C574f</subfield>
    <subfield code="p">BPMSU16090487</subfield>
    <subfield code="r">2016-09-21</subfield>
    <subfield code="w">2016-09-21</subfield>
    <subfield code="y">BK</subfield>
  </datafield>
  <datafield tag="952" ind1=" " ind2=" ">
    <subfield code="0">0</subfield>
    <subfield code="1">0</subfield>
    <subfield code="2">ddc</subfield>
    <subfield code="4">0</subfield>
    <subfield code="7">0</subfield>
    <subfield code="8">CG</subfield>
    <subfield code="a">BPMET</subfield>
    <subfield code="b">BPMET</subfield>
    <subfield code="d">2016-09-27</subfield>
    <subfield code="e">Donaci&#xF3;n</subfield>
    <subfield code="l">0</subfield>
    <subfield code="o">616 C574f</subfield>
    <subfield code="p">BPMSU16090488</subfield>
    <subfield code="r">2016-09-27</subfield>
    <subfield code="t">e. 2</subfield>
    <subfield code="w">2016-09-27</subfield>
    <subfield code="y">BK</subfield>
  </datafield>
  <datafield tag="952" ind1=" " ind2=" ">
    <subfield code="0">0</subfield>
    <subfield code="1">0</subfield>
    <subfield code="2">ddc</subfield>
    <subfield code="4">0</subfield>
    <subfield code="7">0</subfield>
    <subfield code="8">CG</subfield>
    <subfield code="a">BPMET</subfield>
    <subfield code="b">BPMET</subfield>
    <subfield code="d">2016-09-29</subfield>
    <subfield code="e">Donaci&#xF3;n</subfield>
    <subfield code="l">0</subfield>
    <subfield code="o">616 C574f</subfield>
    <subfield code="p">BPMSU17110137</subfield>
    <subfield code="r">2016-09-29</subfield>
    <subfield code="w">2016-09-29</subfield>
    <subfield code="y">BK</subfield>
  </datafield>
  <datafield tag="956" ind1=" " ind2=" ">
    <subfield code="a">dgarcia</subfield>
  </datafield>
  <datafield tag="999" ind1=" " ind2=" ">
    <subfield code="c">11477</subfield>
    <subfield code="d">11477</subfield>
  </datafield>
</record>
